Pays avec le plus de fumeurs - Statistiques

Statistiques générales
  • Ce quiz a été pris 458 fois
    435 depuis la dernière actualisation
  • Le résultat moyen est 5 sur 20
Statistiques - réponses
% de la population qui fume Réponse % Correct
33,4% France
98%
33,5% Grèce
41%
39,8% Serbie
35%
36,9% Croatie
33%
37,6% Indonésie
33%
35% Bosnie-Herzégovine
28%
39% Bulgarie
26%
37% Lettonie
22%
32% Lituanie
21%
38,2% Liban
20%
48,5% Nauru
20%
35,1% Chypre
19%
34,7% Bangladesh
16%
34,8% Jordanie
16%
35,6% Tuvalu
16%
44,1% Birmanie
15%
40,6% Kiribati
15%
39,3% Papouasie-Nouvelle-Guinée
15%
36,5% Iles Salomon
14%
39,2% Timor oriental
11%
Aucun quiz correspondant
Distribution des résultats
% des personnes avec chaque résultat
Percentile par nombre de réponses
Votre historique - résultats
Vous n’avez pas pris ce quiz depuis la dernière actualisation